| 000 | 00762ntaaa2200253 4500 | ||
|---|---|---|---|
| 003 | 01 | ||
| 005 | 20251027203229.0 | ||
| 008 | 0714s1973 ag 01 | ||
| 020 | _a9507244921 | ||
| 040 |
_aAR-BaBN _bspa _cAR-BaBN _eaacr _dRIC |
||
| 082 | _a361.7 T19 | ||
| 100 |
_aTavazza, Luciano _934550 |
||
| 245 |
_aEl nuevo rol del voluntariado social / _cLuciano Tavazza, editado por Stefania Mancini, y Pablo Valle |
||
| 250 | _a1ยช ed. | ||
| 260 |
_aBuenos Aires : _bLumen, _c1995 |
||
| 300 | _a105 [109] p | ||
| 490 | _aPolitica, servicios y trabajo social | ||
| 650 | _aVOLUNTARIADO | ||
| 650 |
_aITALIA _934552 |
||
| 700 |
_aMancini, Stefania _eeditor _934553 |
||
| 700 |
_aValle, Pablo _etraductor _934554 |
||
| 800 |
_aAnder-Egg, Ezequiel _912 |
||
| 942 | _cBK | ||
| 999 |
_c27750 _d27750 |
||